| 000 | 00455nam a2200193Ia 4500 | ||
|---|---|---|---|
| 003 | OSt | ||
| 005 | 20250816104618.0 | ||
| 008 | 250729s2004 xx 000 0 und d | ||
| 020 | _a9788176489638 | ||
| 040 | _cAL | ||
| 041 | _aeng | ||
| 082 | _a311.22 REDR | ||
| 100 |
_aSingh Yogish _9221332 |
||
| 245 | _aResearch methodology | ||
| 260 |
_aNew Delhi _bA P H Publishing _c2004 |
||
| 300 | _a79p | ||
| 650 |
_aEducation _9221333 |
||
| 942 |
_2ddc _cBED |
||
| 999 |
_c234960 _d234960 |
||